|
|
|
|
| LEADER |
00000nab a2200000 a 4500 |
| 001 |
vtls000454608 |
| 003 |
SK-MaSNL |
| 005 |
20260303204840.0 |
| 008 |
120926c1992 xo 0 slo |
| 015 |
|
|
|a SNBRB19rr/mm-uuuuu
|
| 035 |
|
|
|a CL0454739
|
| 040 |
|
|
|a SNKBUCL
|b slo
|c SNKBUCL
|e AACR2
|
| 041 |
0 |
|
|a slo
|
| 044 |
|
|
|a xo
|c SK
|
| 080 |
|
|
|a 792.071.2
|2 1981
|
| 080 |
|
|
|a 791.44.071.2
|2 1981
|
| 080 |
|
|
|a 82.085
|2 1981
|
| 080 |
|
|
|a 929 Kristínová, Eva
|2 1981
|
| 100 |
1 |
|
|a Kristinová, Eva,
|d 1928-2020
|4 aut
|9 201231
|
| 245 |
1 |
0 |
|a Poézia, moja láska
|c Eva Kristínová, -po-
|
| 300 |
|
|
|b Fotogr.
|
| 600 |
1 |
7 |
|a Kristinová, Eva,
|d 1928-2020
|2 snkbucl
|9 201231
|
| 655 |
|
7 |
|a rozhovory
|2 snkbucl
|9 31831
|
| 773 |
0 |
|
|t Rozhlas a televízia
|g Roč. 53, č. 14 (1992), s. /10/
|
| 850 |
|
|
|a Slovenská národná knižnica v Martine
|a MTA001
|
| 852 |
|
|
|a SNK
|b KIS3GCP
|
| 958 |
|
|
|a BX
|
| 999 |
|
|
|c 2192145
|d 2194075
|